Barrieren informationstechnisch überwinden

Bibliographic Details
Main Author: Posch, Andrea
Format: eBook
Published: Berln̕: AV Akademikerverlag, 2019
Subjects:
Online Access:Acceso restringido

MARC

LEADER 00000nam a22000007a 4500
005 2019091703493.0
007 cr|||| ||||
008 190917s2019 de |||||s|||| 00||0 deu d
020 |a 9786202222693 
035 |a 30138 
040 |a vLex 
090 |c 9550  |d 9550 
100 1 |a Posch, Andrea 
245 1 0 |a Barrieren informationstechnisch überwinden  |h [Recurso electrn̤ico] /  |c Andrea Posch 
256 |a Servicio en ln̕ea 
260 |a Berln̕:  |b AV Akademikerverlag,  |c 2019 
300 |a 1 recurso electrn̤ico 
500 |a Menschen mit besonderen Bedürfnissen oder Einschrñkungen stoßen auch in Bereichen wie Tourismus und Freizeit immer wieder an ihre Grenzen. Ziel dieser Arbeit war es herauszufinden, inwieweit eine barrierefreie Informationsweitergabe in kulturellen Einrichtungen – insbesondere Museen – im Bereich des Neusiedler See Tourismus sinnvoll mg̲lich ist. Um eine mg̲lichst umfassende Sichtweise der Problematik zu bieten, wurden sowohl Vertreter der Betroffenen, das sind Rollstuhlfahrer und Familien mit Kinderwg̃en, als auch Vertreter f̲fentlicher und privater Betreiber der kulturellen Einrichtungen für eine Befragung ausgewh̃lt. Das Ergebnis dieser Untersuchung zeigte, dass für Gs̃te das Thema Barrierefreiheit in kulturellen Einrichtungen bei der Urlaubsplanung von großer Bedeutung ist und sie auch auf einen Urlaub in Orten ohne entsprechende Barrierefreiheit verzichten würden.... 
506 1 |a Disponible solo en los productos indicados  |d vLex Global  |d vLex Global (Academic Edition, excluding Law Schools)  |d vLex Global (U.S. Academic Edition, Law Schools)  |d vLex Global (U.S. Academic Edition, excluding Law Schools)  |d vLex Global (Academic Edition, Law Schools) 
650 0 4 |a Derecho Pb︢lico y Administrativo  |z Alemania 
740 0 |a vLex Libros (Servicio en ln̕ea) 
856 4 0 |u http://vlex.com/source/30138  |z Acceso restringido 
942 |c BOOK 
999 0 |a Public and Administrative Law